000 00689nam a2200253Ia 4500
003 OSt
005 20220918210808.0
006 a|||||r|||| 00| 0
007 ta
008 220917b |||||||| |||| 00| 0 eng d
024 _a122,074
037 _cTextual
040 _aARTS
_cARTS
_beng
041 _2eng
_aeng
082 _aWxK89, K6 (ZD)
100 _aMontesquieu Baron De
_9119246
245 0 _aSpirit of the laws tr by Thomas Nugent
260 _c1966
490 _aHafner library of classics; 9
500 _aTwo volumes bound in one
650 _aPOLITICAL SCIENCE
942 _hWxK89, K6 (ZD)
_cTEXL
_2CC
999 _c245266
_d245266